00423nam a2200121Ia 4500008004100000100001600041245004400057245002300101260000900124856007600133999001900209952007300228160531s9999 xx 000 0 und d aHuang, Cai. aProtein Phosphorylation in Human Health cby Cai Huang (ed.) c2012 uhttp://www.intechopen.com/books/protein-phosphorylation-in-human-health c295479d295479 001040aCLbCLd2016-05-31l0r2016-05-31 00:00:00w2016-05-31yCBE